<?xml version="1.0" encoding="UTF-8"?>
<record
    xmlns:xsi="http://www.w3.org/2001/XMLSchema-instance"
    xsi:schemaLocation="http://www.loc.gov/MARC21/slim http://www.loc.gov/standards/marcxml/schema/MARC21slim.xsd"
    xmlns="http://www.loc.gov/MARC21/slim">

  <leader>01493nam a22002177a 4500</leader>
  <controlfield tag="008">140722b        xxu||||| |||| 00| 0 eng d</controlfield>
  <datafield tag="020" ind1=" " ind2=" ">
    <subfield code="a">9780070965324</subfield>
  </datafield>
  <datafield tag="050" ind1=" " ind2=" ">
    <subfield code="a">HB172.5</subfield>
    <subfield code="b">.P75</subfield>
  </datafield>
  <datafield tag="100" ind1=" " ind2=" ">
    <subfield code="a">Frank, Robert H.</subfield>
  </datafield>
  <datafield tag="245" ind1=" " ind2=" ">
    <subfield code="a">Principles of Macroeconomics. /</subfield>
    <subfield code="c">Robert H. Frank,Ben S. Bernanke,Lars Osberg and Melvin L. Cross </subfield>
  </datafield>
  <datafield tag="250" ind1=" " ind2=" ">
    <subfield code="a">3rd. Canadian ed.</subfield>
  </datafield>
  <datafield tag="260" ind1=" " ind2=" ">
    <subfield code="a">Toronto: </subfield>
    <subfield code="b">McGraw- Hill</subfield>
    <subfield code="c">2009.</subfield>
  </datafield>
  <datafield tag="300" ind1=" " ind2=" ">
    <subfield code="a">Xxvi, 456p.:</subfield>
    <subfield code="b">ills.;</subfield>
    <subfield code="c">24cm.</subfield>
  </datafield>
  <datafield tag="500" ind1=" " ind2=" ">
    <subfield code="a">Includes index</subfield>
  </datafield>
  <datafield tag="505" ind1=" " ind2=" ">
    <subfield code="a">Contents: Introduction: Thinking like an economist -- Comparative advantage: The Basis for exchange -- Supply and demand: An Introduction -- Macroeconomics: Issues and data: Macroeconomics: The Bird's eye view of the economy -- Measuring economic activity: GDP and unemployment -- Measuring the price level and inflation -- The economy in the short run: Short- term economic fluctuation: An introduction -- Spending and output in the short run -- Stabilizing the economy: The Role of the central bank -- The Aggregate demand - Aggregate supply model -- Inflation and Output -- Exchange rates and the open economy -- Money: its uses and creation -- The Economy in the long run: Economic growth, productivity and   living standards -- International trade and trade policy -- Saving and capital formation -- Financial markets and international capital flows. </subfield>
  </datafield>
  <datafield tag="650" ind1=" " ind2=" ">
    <subfield code="a">Macroeconomics </subfield>
  </datafield>
  <datafield tag="700" ind1=" " ind2=" ">
    <subfield code="a">Bernanke, Ben S</subfield>
  </datafield>
  <datafield tag="700" ind1=" " ind2=" ">
    <subfield code="a">Osberg, Lars</subfield>
  </datafield>
  <datafield tag="700" ind1=" " ind2=" ">
    <subfield code="a">Cross, Melvin L.</subfield>
  </datafield>
  <datafield tag="942" ind1=" " ind2=" ">
    <subfield code="2">lcc</subfield>
    <subfield code="c">BK</subfield>
  </datafield>
  <datafield tag="999" ind1=" " ind2=" ">
    <subfield code="c">3177</subfield>
    <subfield code="d">10677</subfield>
  </datafield>
  <datafield tag="952" ind1=" " ind2=" ">
    <subfield code="0">0</subfield>
    <subfield code="1">0</subfield>
    <subfield code="2">lcc</subfield>
    <subfield code="4">0</subfield>
    <subfield code="7">0</subfield>
    <subfield code="a">WIUC-1</subfield>
    <subfield code="b">WIUC-1</subfield>
    <subfield code="c">REF</subfield>
    <subfield code="d">2014-07-22</subfield>
    <subfield code="l">0</subfield>
    <subfield code="o">HB172.5 .P75</subfield>
    <subfield code="p">7574/01/14</subfield>
    <subfield code="r">2014-07-22 00:00:00</subfield>
    <subfield code="t">1</subfield>
    <subfield code="w">2014-07-22</subfield>
    <subfield code="y">BK</subfield>
  </datafield>
</record>
